000 00283nam a22001337a 4500
008 181024b xxu||||| |||| 00| 0 eng d
020 _a9781259971426
041 _aeng
080 _211th
_a573
100 _a11
101 _aBIO
245 _aBiology
_cMason,K.A
942 _2udc
_cBK
999 _c50795
_d50795